00557nam a2200205 i 4500001001100000003000500011005001700016008004100033040002500074082001400099090001900113245004300132264007000175300001000245336002100255337002500276338002300301942001000324999001700334C2-0281025PPAK20180728011804.0070726s1998 my |||| ||||| | may d aPPAKbengcPPAKerda04a959.522300a959.5bSEJdKK00aSejarah (Keratan Akhbar Koleksi Kedah) 1aAlor Setar, Kedah : bPerbadanan Perpustakaan Awam Kedah , c1998 c33 cm 2rdacontentatext 2rdamediaaunmediated 2rdacarrieravolume ddccB c87480d87480